000 00716nam a2200289Ia 4500
005 20260324143604.0
008 008 260324s9999 xx 000 0 eng d
020 _a9781003448136
037 _aEBOOK
040 _aCRL
040 _beng
040 _cCRL
041 _2eng
041 _aeng
084 _qCRL
100 _aPat Hutchings; Russell Edgerton; Kathleen Quinlan
_91216191
245 4 _aThe Teaching Portfolio
245 0 _bCapturing the Scholarship in Teaching
260 _bTaylor and Francis
260 _c1991
365 _a
365 _b82.99
856 _uhttp://www.taylorfrancis.com/books/9781003448136
942 _cEBOOK
999 _c1821763
_d1821763